[Event "Young Stars of the World-2006"]
[Site "Kirishi RUS"]
[Date "2006.05.09"]
[Round "1.1"]
[White "Volodin, Aleksandr"]
[Black "Kulikov, Alexander"]
[Result "1-0"]
[WhiteElo "2352"]
[BlackElo "2038"]
[PlyCount "95"]
[EventDate "2006.05.09"]
[EventType "tourn"]
[EventRounds "9"]
[EventCountry "RUS"]
[EventCategory "5"]
[Source "lmi"]
[SourceDate "2006.05.21"]

1. d4 Nf6 2. c4 g6 3. Nc3 Bg7 4. e4 d6 5. Be2 O-O 6. Bg5 c5 7. Nf3 cxd4 8. Nxd4
Nc6 9. Nxc6 bxc6 10. O-O Rb8 11. Qd2 Qc7 12. Rad1 Re8 13. b3 Nd7 14. Bh6 Nc5
15. Bxg7 Kxg7 16. f4 f6 17. Bf3 Nb7 18. Qe3 Nd8 19. e5 dxe5 20. fxe5 Ne6 21.
Rfe1 Qb6 22. exf6+ exf6 23. Qxb6 Rxb6 24. Na4 Ra6 25. Rd6 Kf7 26. Rxc6 Rxc6 27.
Bxc6 Re7 28. Bd5 Kf8 29. Bxe6 Rxe6 30. Rxe6 Bxe6 31. Nc5 Bf5 32. Kf2 Ke7 33.
Ke3 Kd6 34. Kd4 Bc8 35. Ne4+ Ke7 36. Nc5 Kd6 37. b4 f5 38. b5 g5 39. a4 h5 40.
a5 g4 41. g3 f4 42. gxf4 h4 43. Ne4+ Ke6 44. Ke3 Ke7 45. c5 Ke6 46. a6 Kd5 47.
c6 Bf5 48. b6 1-0

[Event "Young Stars of the World-2006"]
[Site "Kirishi RUS"]
[Date "2006.05.09"]
[Round "1.2"]
[White "Popov, Ivan"]
[Black "Hovhannisyan, Robert"]
[Result "1-0"]
[WhiteElo "2482"]
[BlackElo "2260"]
[PlyCount "93"]
[EventDate "2006.05.09"]
[EventType "tourn"]
[EventRounds "9"]
[EventCountry "RUS"]
[EventCategory "5"]
[Source "lmi"]
[SourceDate "2006.05.21"]

1. e4 c5 2. Nf3 Nc6 3. Nc3 g6 4. d4 cxd4 5. Nxd4 Bg7 6. Be3 Nf6 7. f3 O-O 8. g4
Qb6 9. Rb1 Nxg4 10. fxg4 Bxd4 11. Nd5 Bxe3 12. Nxb6 axb6 13. a3 d6 14. Bd3 Ne5
15. h3 f5 16. exf5 gxf5 17. gxf5 Bxf5 18. Bxf5 Rxf5 19. Qd5+ Kh8 20. Ke2 Nc6
21. Qxf5 Nd4+ 22. Kxe3 Nxf5+ 23. Kd2 Kg7 24. Rbf1 Kf6 25. Rf4 Ra5 26. Rhf1 Rd5+
27. Kc1 b5 28. Rh4 e5 29. Rxh7 e4 30. Rh6+ Kg5 31. Re6 Ng3 32. Rf2 Kh4 33. Rd2
Rf5 34. Rh6+ Kg5 35. Rhxd6 e3 36. R2d5 e2 37. Kd2 Ne4+ 38. Kxe2 Nxd6 39. Rxd6
Kf4 40. Rb6 Kg3 41. Rxb7 Kxh3 42. Kd3 Kg4 43. Re7 Kg5 44. Kc3 Kf6 45. Re4 Rc5+
46. Kb3 Kf5 47. Re8 1-0

[Event "Young Stars of the World-2006"]
[Site "Kirishi RUS"]
[Date "2006.05.09"]
[Round "1.4"]
[White "Narayanan, Srinath"]
[Black "Nepomniachtchi, Ian"]
[Result "0-1"]
[WhiteElo "2170"]
[BlackElo "2506"]
[PlyCount "114"]
[EventDate "2006.05.09"]
[EventType "tourn"]
[EventRounds "9"]
[EventCountry "RUS"]
[EventCategory "5"]
[Source "lmi"]
[SourceDate "2006.05.21"]

1. e4 e6 2. d4 d5 3. Nc3 Nf6 4. Bg5 Bb4 5. e5 h6 6. Bd2 Bxc3 7. bxc3 Ne4 8. Qg4
Kf8 9. Bd3 Nxd2 10. Kxd2 c5 11. h4 c4 12. Bf1 Nc6 13. Rh3 b5 14. Ne2 Bd7 15.
Rf3 Ne7 16. Nf4 Nf5 17. a3 a5 18. Rb1 Qe7 19. Be2 Rg8 20. Ra1 Rb8 21. Ke1 g6
22. g3 b4 23. axb4 axb4 24. Rb1 h5 25. Qg5 Qxg5 26. hxg5 Ke7 27. Bd1 bxc3 28.
Rxb8 Rxb8 29. Ne2 Rb1 30. Rxc3 Ra1 31. Kd2 Ba4 32. Rf3 Kd8 33. Rf4 Be8 34. Nc3
Ne7 35. Rh4 Nc6 36. Rf4 Ra5 37. Be2 Kc7 38. Nd1 Kb6 39. Ne3 Ra2 40. Kc3 Na7 41.
Nd1 Nb5+ 42. Kd2 Na3 43. Ne3 Ka5 44. Bd1 Kb4 45. Rf3 Nb1+ 46. Ke1 Nc3 47. Kd2
Ne4+ 48. Ke1 Ra1 49. c3+ Ka5 50. Nc2 Rc1 51. Ke2 Nxg5 52. Re3 Ne4 53. f3 Nxg3+
54. Kd2 Rb1 55. Re1 Ba4 56. Ne3 Rb2+ 57. Kc1 Rf2 0-1

[Event "Young Stars of the World-2006"]
[Site "Kirishi RUS"]
[Date "2006.05.09"]
[Round "1.5"]
[White "Onischuk, Vladimir"]
[Black "Sjugirov, Sanan"]
[Result "1/2-1/2"]
[WhiteElo "2388"]
[BlackElo "2412"]
[PlyCount "178"]
[EventDate "2006.05.09"]
[EventType "tourn"]
[EventRounds "9"]
[EventCountry "RUS"]
[EventCategory "5"]
[Source "lmi"]
[SourceDate "2006.05.21"]

1. e4 c5 2. Nf3 d6 3. d4 cxd4 4. Nxd4 Nf6 5. Nc3 a6 6. Be2 e5 7. Nb3 Be7 8. Bg5
Nbd7 9. a4 h6 10. Bh4 b6 11. Bc4 Bb7 12. Qe2 O-O 13. O-O Qc7 14. Rfd1 Rfc8 15.
Bxf6 Nxf6 16. Nd2 Qc5 17. Bb3 Bc6 18. Nc4 Bf8 19. a5 bxa5 20. Rxa5 Qb4 21. Rda1
Qb7 22. R5a2 Bb5 23. Nxb5 axb5 24. Nd2 Rxa2 25. Rxa2 Be7 26. g3 Bd8 27. Kg2 Bc7
28. Ra1 Rd8 29. Rd1 Qc6 30. f3 Bb6 31. Nf1 Qc5 32. Nd2 d5 33. exd5 Nxd5 34. Nf1
Kf8 35. Bxd5 Rxd5 36. Rxd5 Qxd5 37. Nd2 f5 38. c4 bxc4 39. Nxc4 Bd4 40. Ne3 Qe6
41. Qc4 Qxc4 42. Nxc4 Ke7 43. Kf1 Ke6 44. Ke2 Kd5 45. b3 g6 46. Nd2 h5 47. h3
Bg1 48. Nc4 Bc5 49. Nd2 Kd4 50. Nc4 Be7 51. Ne3 Bg5 52. Nc4 Bf6 53. Ne3 Bg7 54.
Ng2 Bf6 55. Ne3 Bg7 56. Nc4 Bf8 57. Ne3 Bh6 58. Nc4 Bg5 59. Nd6 h4 60. g4 fxg4
61. fxg4 Bf4 62. Kf3 g5 63. Ne4 Bc1 64. Nf6 Ba3 65. Ne4 Be7 66. Nf2 Ba3 67. Ne4
Bc1 68. b4 Kc4 69. Nd6+ Kd5 70. Ne4 Kc4 71. Nf2 Bf4 72. Ke4 Kxb4 73. Nd3+ Kc3
74. Nxe5 Kd2 75. Nf3+ Ke2 76. Nxh4 Kf2 77. Nf5 Bc1 78. Nd4 Kg2 79. Kf5 Kxh3 80.
Nf3 Kg3 81. Nxg5 Be3 82. Nf7 Kf3 83. Ne5+ Kg3 84. Nc4 Bc1 85. Nd6 Kf3 86. Ne4
Be3 87. Nc3 Bd2 88. Ne4 Be3 89. g5 Bxg5 1/2-1/2

[Event "Young Stars of the World-2006"]
[Site "Kirishi RUS"]
[Date "2006.05.09"]
[Round "1.6"]
[White "Caruana, Fabiano"]
[Black "Safarli, Eltaj"]
[Result "1/2-1/2"]
[WhiteElo "2421"]
[BlackElo "2417"]
[PlyCount "44"]
[EventDate "2006.05.09"]
[EventType "tourn"]
[EventRounds "9"]
[EventCountry "RUS"]
[EventCategory "5"]
[Source "lmi"]
[SourceDate "2006.05.21"]

1. e4 e5 2. Nf3 Nc6 3. Bb5 a6 4. Ba4 Nf6 5. O-O Be7 6. Re1 b5 7. Bb3 O-O 8. h3
d6 9. c3 Nb8 10. d4 Nbd7 11. Bg5 Bb7 12. Nbd2 c5 13. a4 Re8 14. Qe2 Qb6 15.
dxe5 dxe5 16. Bxf6 Bxf6 17. axb5 axb5 18. c4 Rxa1 19. Rxa1 b4 20. Nf1 Nf8 21.
Qc2 Ra8 22. Rxa8 Bxa8 1/2-1/2

[Event "Young Stars of the World-2006"]
[Site "Kirishi RUS"]
[Date "2006.05.10"]
[Round "2.1"]
[White "Kulikov, Alexander"]
[Black "Safarli, Eltaj"]
[Result "0-1"]
[WhiteElo "2038"]
[BlackElo "2417"]
[PlyCount "108"]
[EventDate "2006.05.09"]
[EventType "tourn"]
[EventRounds "9"]
[EventCountry "RUS"]
[EventCategory "5"]
[Source "lmi"]
[SourceDate "2006.05.21"]

1. e4 c5 2. f4 e6 3. Nf3 a6 4. a4 d5 5. e5 Nc6 6. d3 Nge7 7. c3 Nf5 8. g3 h5 9.
Na3 b6 10. Nc2 Bb7 11. Ne3 Nxe3 12. Bxe3 d4 13. Bf2 dxc3 14. bxc3 b5 15. Bg2 b4
16. O-O bxc3 17. Qb3 Nb4 18. Qxc3 Qxd3 19. Rfc1 Rc8 20. Ne1 Qxc3 21. Rxc3 Bd5
22. Nc2 c4 23. Bf1 Nxc2 24. Rxc2 a5 25. Rac1 Ba3 26. Ra1 Bb4 27. Be1 O-O 28. h3
c3 29. Bd3 Rc7 30. Rb1 Rfc8 31. Bf2 Rc6 32. Be3 f6 33. exf6 gxf6 34. Kh2 Rd6
35. h4 Bf3 36. Be2 Bxe2 37. Rxe2 c2 38. Rc1 Rdc6 39. Kh3 Ba3 40. Rce1 c1=Q 41.
Bxc1 Rxc1 42. Rxc1 Rxc1 43. Rxe6 Kf7 44. Rb6 Rc4 45. Rb5 Rc5 46. Rb3 Bb4 47. g4
Rc3+ 48. Rxc3 Bxc3 49. g5 f5 50. Kg3 Ke6 51. Kh3 Kd5 52. Kg3 Ke4 53. Kh3 Kxf4
54. g6 Ke3 0-1

[Event "Young Stars of the World-2006"]
[Site "Kirishi RUS"]
[Date "2006.05.10"]
[Round "2.3"]
[White "Nepomniachtchi, Ian"]
[Black "Onischuk, Vladimir"]
[Result "1/2-1/2"]
[WhiteElo "2506"]
[BlackElo "2388"]
[PlyCount "86"]
[EventDate "2006.05.09"]
[EventType "tourn"]
[EventRounds "9"]
[EventCountry "RUS"]
[EventCategory "5"]
[Source "lmi"]
[SourceDate "2006.05.21"]

1. e4 c5 2. Nf3 d6 3. d4 cxd4 4. Nxd4 Nf6 5. Nc3 a6 6. Be3 e5 7. Nb3 Be6 8. f3
Nbd7 9. Qd2 Qc7 10. g4 h6 11. O-O-O b5 12. Kb1 Nb6 13. Qf2 Nfd7 14. h4 Rc8 15.
Rg1 Na4 16. Nd5 Bxd5 17. exd5 Ndb6 18. Bxb6 Qxb6 19. Qe1 Be7 20. Bd3 Kd8 21. g5
hxg5 22. hxg5 Rc7 23. Qb4 Rh2 24. Na5 Qc5 25. Qb3 Ke8 26. Nc6 Kf8 27. Rh1 Rxh1
28. Rxh1 g6 29. f4 exf4 30. Bxg6 fxg6 31. Qd3 Rxc6 32. dxc6 Qe5 33. c3 Ke8 34.
Qxg6+ Kd8 35. Qh7 Qxg5 36. Re1 Nb6 37. Ka1 f3 38. c7+ Kd7 39. Qh3+ Kxc7 40.
Qxf3 Bf6 41. Rh1 Qg6 42. a3 Be5 43. Qf2 Kc6 1/2-1/2

[Event "Young Stars of the World-2006"]
[Site "Kirishi RUS"]
[Date "2006.05.10"]
[Round "2.4"]
[White "Lintchevski, Daniil"]
[Black "Narayanan, Srinath"]
[Result "1/2-1/2"]
[WhiteElo "2414"]
[BlackElo "2170"]
[PlyCount "105"]
[EventDate "2006.05.09"]
[EventType "tourn"]
[EventRounds "9"]
[EventCountry "RUS"]
[EventCategory "5"]
[Source "lmi"]
[SourceDate "2006.05.21"]

1. e4 c5 2. Nf3 d6 3. d4 cxd4 4. Nxd4 Nf6 5. f3 e6 6. c4 Be7 7. Nc3 Nc6 8. Be3
O-O 9. Be2 d5 10. Nxc6 bxc6 11. cxd5 exd5 12. exd5 Nxd5 13. Nxd5 cxd5 14. O-O
Bf6 15. Bd4 Rb8 16. Qd2 Re8 17. Rfe1 Bxd4+ 18. Qxd4 Qb6 19. Qxb6 Rxb6 20. b3
Kf8 21. Kf2 Ba6 22. Rad1 Bxe2 23. Rxe2 Rxe2+ 24. Kxe2 Ra6 25. a4 Rh6 26. h3 Rh5
27. Rc1 Rh6 28. Rc8+ Ke7 29. Rc7+ Ke8 30. Rxa7 Rb6 31. Ra5 Rxb3 32. Rxd5 Ra3
33. Ra5 Ra2+ 34. Kf1 h5 35. h4 g6 36. Ra7 Kf8 37. Kg1 Kg7 38. Ra6 Kf8 39. Kh2
Kg7 40. Kh3 Ra3 41. Kg3 Ra2 42. Ra8 Kh7 43. Ra7 Kg7 44. Ra6 Kg8 45. f4 Kg7 46.
f5 gxf5 47. Kf3 f4 48. Ra5 Kh6 49. Ra6+ Kg7 50. a5 Ra4 51. Ra8 Kf6 52. Ra7 Kg6
53. Rb7 1/2-1/2

[Event "Young Stars of the World-2006"]
[Site "Kirishi RUS"]
[Date "2006.05.10"]
[Round "2.6"]
[White "Volodin, Aleksandr"]
[Black "Popov, Ivan"]
[Result "0-1"]
[WhiteElo "2352"]
[BlackElo "2482"]
[PlyCount "96"]
[EventDate "2006.05.09"]
[EventType "tourn"]
[EventRounds "9"]
[EventCountry "RUS"]
[EventCategory "5"]
[Source "lmi"]
[SourceDate "2006.05.21"]

1. d4 d5 2. c4 c6 3. Nf3 Nf6 4. Nc3 a6 5. cxd5 cxd5 6. Bf4 Nc6 7. e3 Bg4 8. Be2
e6 9. O-O Bxf3 10. Bxf3 Be7 11. Rc1 O-O 12. Na4 Nd7 13. e4 Nf6 14. exd5 Nxd5
15. Bxd5 Qxd5 16. Nb6 Qxa2 17. Nxa8 Rxa8 18. Be3 Rd8 19. Qc2 Qa5 20. Qb3 Qc7
21. Bf4 Qc8 22. Rfd1 Rd5 23. Be3 Qd7 24. h3 h6 25. Kf1 Bd6 26. Kg1 Rb5 27. Qc2
Bb8 28. Qe2 Rd5 29. Rc5 Rd6 30. Qg4 f5 31. Qf3 Ba7 32. Rc4 Ne5 33. dxe5 Rxd1+
34. Kh2 Bxe3 35. Qxe3 Kh7 36. Qf3 Rd2 37. Qc3 Rd3 38. Qa5 b5 39. Rc2 Qd4 40.
Qe1 Rd1 41. Qe2 Qf4+ 42. g3 Qd4 43. Qf3 Rb1 44. Rc6 Qxe5 45. Rxa6 Qe1 46. h4
Qg1+ 47. Kh3 Rxb2 48. Qg2 Qe1 0-1

[Event "Young Stars of the World-2006"]
[Site "Kirishi RUS"]
[Date "2006.05.11"]
[Round "3.1"]
[White "Popov, Ivan"]
[Black "Kulikov, Alexander"]
[Result "1-0"]
[WhiteElo "2482"]
[BlackElo "2038"]
[PlyCount "45"]
[EventDate "2006.05.09"]
[EventType "tourn"]
[EventRounds "9"]
[EventCountry "RUS"]
[EventCategory "5"]
[Source "lmi"]
[SourceDate "2006.05.21"]

1. d4 Nf6 2. Bg5 c5 3. Bxf6 gxf6 4. d5 Qb6 5. Qc1 f5 6. g3 Bg7 7. c3 e5 8. Bh3
Qf6 9. Qc2 f4 10. Nd2 O-O 11. Ne4 Qg6 12. Nf3 fxg3 13. hxg3 d6 14. Nh4 Qh6 15.
Bg2 Kh8 16. Nf5 Qxh1+ 17. Bxh1 Bxf5 18. Qb3 Bxe4 19. Bxe4 b6 20. Bf5 Rd8 21.
Qa4 Kg8 22. Bxh7+ Kxh7 23. Qh4+ 1-0

[Event "Young Stars of the World-2006"]
[Site "Kirishi RUS"]
[Date "2006.05.11"]
[Round "3.3"]
[White "Narayanan, Srinath"]
[Black "Hovhannisyan, Robert"]
[Result "0-1"]
[WhiteElo "2170"]
[BlackElo "2260"]
[PlyCount "86"]
[EventDate "2006.05.09"]
[EventType "tourn"]
[EventRounds "9"]
[EventCountry "RUS"]
[EventCategory "5"]
[Source "lmi"]
[SourceDate "2006.05.21"]

1. e4 e5 2. Nf3 Nf6 3. Nxe5 d6 4. Nf3 Nxe4 5. Nc3 Nxc3 6. dxc3 Be7 7. Bf4 Nc6
8. Qd2 Bg4 9. Be2 Qd7 10. h3 Be6 11. Bb5 a6 12. Bd3 O-O-O 13. O-O-O Ne5 14.
Nxe5 dxe5 15. Bxe5 Qd5 16. Qe3 Bc5 17. Qf4 Qxa2 18. c4 Rd7 19. b3 Rhd8 20. Bb2
Bd4 21. Bxd4 Rxd4 22. Qf3 a5 23. Qh5 a4 24. Qa5 axb3 25. Qxa2 bxa2 26. Kb2 Bxc4
27. Bf5+ Be6 28. Rxd4 Rxd4 29. Bxh7 g6 30. Re1 Rh4 31. Bxg6 Rb4+ 32. Ka1 Rb1+
33. Rxb1 axb1=Q+ 34. Kxb1 fxg6 35. Kb2 Kd7 36. Kc3 Kd6 37. Kd4 c5+ 38. Ke3 b5
39. g4 b4 40. f3 c4 41. Kd4 b3 42. cxb3 cxb3 43. Kc3 g5 0-1

[Event "Young Stars of the World-2006"]
[Site "Kirishi RUS"]
[Date "2006.05.11"]
[Round "3.4"]
[White "Onischuk, Vladimir"]
[Black "Lintchevski, Daniil"]
[Result "0-1"]
[WhiteElo "2388"]
[BlackElo "2414"]
[PlyCount "74"]
[EventDate "2006.05.09"]
[EventType "tourn"]
[EventRounds "9"]
[EventCountry "RUS"]
[EventCategory "5"]
[Source "lmi"]
[SourceDate "2006.05.21"]

1. e4 c5 2. Nf3 e6 3. Nc3 Nc6 4. d4 cxd4 5. Nxd4 Nf6 6. Ndb5 d6 7. Bf4 e5 8.
Bg5 a6 9. Na3 b5 10. Nd5 Be7 11. Bxf6 Bxf6 12. c3 Ne7 13. Nxf6+ gxf6 14. Qd3
Bb7 15. O-O-O d5 16. Qf3 Qb6 17. exd5 O-O-O 18. c4 bxc4 19. Nxc4 Qc5 20. Qe3
Qxe3+ 21. Nxe3 Kc7 22. Bc4 Rd6 23. Rd2 Rhd8 24. Rhd1 f5 25. Bb3 f6 26. g3 f4
27. gxf4 exf4 28. Nc2 Bxd5 29. Bxd5 Nxd5 30. Rd4 Nb6 31. b3 Rxd4 32. Nxd4 Rd6
33. Rd3 Nd7 34. Rc3+ Kb6 35. Ne2 Nc5 36. Nxf4 Rd4 37. Rc4 Rxf4 0-1

[Event "Young Stars of the World-2006"]
[Site "Kirishi RUS"]
[Date "2006.05.11"]
[Round "3.6"]
[White "Safarli, Eltaj"]
[Black "Sjugirov, Sanan"]
[Result "1-0"]
[WhiteElo "2417"]
[BlackElo "2412"]
[PlyCount "83"]
[EventDate "2006.05.09"]
[EventType "tourn"]
[EventRounds "9"]
[EventCountry "RUS"]
[EventCategory "5"]
[Source "lmi"]
[SourceDate "2006.05.21"]

1. e4 c5 2. Nf3 d6 3. d4 cxd4 4. Nxd4 Nf6 5. Nc3 a6 6. Bg5 Nbd7 7. f4 e6 8. Qf3
h6 9. Bxf6 Nxf6 10. O-O-O Qc7 11. Bd3 Be7 12. Rhe1 Nd7 13. Qg4 g5 14. e5 dxe5
15. Qxe6 Qd6 16. Qxd6 Bxd6 17. fxe5 Bxe5 18. Nd5 Kf8 19. Nf3 Bd6 20. Bf5 Ne5
21. Nxe5 Bxf5 22. Nb6 Rd8 23. Ned7+ Rxd7 24. Nxd7+ Bxd7 25. Rxd6 Bc6 26. Rd8+
Kg7 27. Rxh8 Kxh8 28. g3 Kg7 29. Kd2 Kg6 30. c4 Kh5 31. Ke3 Kg4 32. Kf2 h5 33.
b4 h4 34. Re7 f5 35. a4 Kh3 36. b5 axb5 37. axb5 Be4 38. gxh4 gxh4 39. c5 Kxh2
40. c6 bxc6 41. b6 c5 42. Rxe4 1-0

[Event "Young Stars of the World-2006"]
[Site "Kirishi RUS"]
[Date "2006.05.12"]
[Round "4.1"]
[White "Kulikov, Alexander"]
[Black "Sjugirov, Sanan"]
[Result "0-1"]
[WhiteElo "2038"]
[BlackElo "2412"]
[PlyCount "94"]
[EventDate "2006.05.09"]
[EventType "tourn"]
[EventRounds "9"]
[EventCountry "RUS"]
[EventCategory "5"]
[Source "lmi"]
[SourceDate "2006.05.21"]

1. e4 c5 2. f4 g6 3. Nf3 Bg7 4. d3 Nc6 5. c3 d6 6. g3 Nf6 7. Qc2 Bg4 8. Bg2 Nd7
9. O-O Bxf3 10. Bxf3 O-O 11. Bg2 Rb8 12. Be3 Qc7 13. a4 a6 14. Nd2 b5 15. axb5
axb5 16. h3 Nb6 17. Kh2 Rfc8 18. Rfc1 Qd7 19. Rf1 b4 20. Bg1 Rc7 21. Rfe1 Qc8
22. Bf2 Qd7 23. Bg1 e6 24. Rf1 Qe7 25. Rfe1 Qf6 26. e5 dxe5 27. Ne4 Qd8 28.
fxe5 bxc3 29. bxc3 Nxe5 30. Nxc5 Nbd7 31. Na4 Qg5 32. Be3 Qh5 33. Bf4 Ng4+ 34.
Kh1 e5 35. Be3 Nxe3 36. Rxe3 Qg5 37. Qf2 f5 38. Ree1 Kh8 39. Reb1 Rf8 40. Rb5
f4 41. g4 f3 42. Bxf3 Qf4 43. Kg2 e4 44. dxe4 Ne5 45. Rf1 Rcf7 46. Rxe5 Bxe5
47. Rh1 Qxf3+ 0-1

[Event "Young Stars of the World-2006"]
[Site "Kirishi RUS"]
[Date "2006.05.12"]
[Round "4.2"]
[White "Nepomniachtchi, Ian"]
[Black "Safarli, Eltaj"]
[Result "1/2-1/2"]
[WhiteElo "2506"]
[BlackElo "2417"]
[PlyCount "51"]
[EventDate "2006.05.09"]
[EventType "tourn"]
[EventRounds "9"]
[EventCountry "RUS"]
[EventCategory "5"]
[Source "lmi"]
[SourceDate "2006.05.21"]

1. e4 c5 2. Nf3 d6 3. d4 cxd4 4. Nxd4 Nf6 5. Nc3 a6 6. Be3 e5 7. Nb3 Be6 8. f3
Nbd7 9. Qd2 Be7 10. O-O-O b5 11. g4 b4 12. Nd5 Bxd5 13. exd5 Nb6 14. Kb1 Nfxd5
15. Bxb6 Nxb6 16. Qxb4 Qc7 17. a4 d5 18. Qe1 Rc8 19. Qf2 Bh4 20. Qd2 Nc4 21.
Qc3 d4 22. Qxc4 Qxc4 23. Bxc4 Rxc4 24. f4 d3 25. Rxd3 Rxf4 26. Rd5 1/2-1/2

[Event "Young Stars of the World-2006"]
[Site "Kirishi RUS"]
[Date "2006.05.12"]
[Round "4.3"]
[White "Lintchevski, Daniil"]
[Black "Caruana, Fabiano"]
[Result "1/2-1/2"]
[WhiteElo "2414"]
[BlackElo "2421"]
[PlyCount "88"]
[EventDate "2006.05.09"]
[EventType "tourn"]
[EventRounds "9"]
[EventCountry "RUS"]
[EventCategory "5"]
[Source "lmi"]
[SourceDate "2006.05.21"]

1. e4 c5 2. Nf3 e6 3. c4 a6 4. Nc3 Nc6 5. Be2 Nd4 6. O-O g6 7. d3 Bg7 8. Nxd4
cxd4 9. Nb1 Ne7 10. f4 O-O 11. Nd2 d6 12. b3 f5 13. Ba3 fxe4 14. Nxe4 Nf5 15.
Qd2 Bh6 16. g4 Ne3 17. g5 Bg7 18. Bxd6 Rf5 19. Rf3 b6 20. Bf1 Bb7 21. Bh3 e5
22. Re1 exf4 23. Bxf4 Rf8 24. Qf2 Bxe4 25. dxe4 Qe7 26. Bxe3 dxe3 27. Rxf8+
Rxf8 28. Qxe3 Be5 29. Rf1 Rxf1+ 30. Kxf1 Qd6 31. Ke2 Bxh2 32. Qd3 Qxd3+ 33.
Kxd3 Bf4 34. Kd4 Bxg5 35. Kd5 Kf7 36. b4 Ke7 37. c5 bxc5 38. Kxc5 Be3+ 39. Kc6
Bd2 40. a3 Bc1 41. a4 Ba3 42. b5 axb5 43. axb5 Bd6 44. b6 Be5 1/2-1/2

[Event "Young Stars of the World-2006"]
[Site "Kirishi RUS"]
[Date "2006.05.12"]
[Round "4.4"]
[White "Hovhannisyan, Robert"]
[Black "Onischuk, Vladimir"]
[Result "0-1"]
[WhiteElo "2260"]
[BlackElo "2388"]
[PlyCount "122"]
[EventDate "2006.05.09"]
[EventType "tourn"]
[EventRounds "9"]
[EventCountry "RUS"]
[EventCategory "5"]
[Source "lmi"]
[SourceDate "2006.05.21"]

1. e4 c5 2. Nf3 d6 3. d4 cxd4 4. Nxd4 Nf6 5. Nc3 a6 6. Be3 e5 7. Nf3 Be6 8. Ng5
Qc7 9. Nxe6 fxe6 10. a4 Be7 11. g3 Qc6 12. Bg2 O-O 13. O-O Nbd7 14. f4 Kh8 15.
Kh1 Nb6 16. f5 Nc4 17. Bc1 exf5 18. exf5 e4 19. b3 Ne5 20. Bb2 Neg4 21. Qe1 d5
22. h3 Nh6 23. Rd1 Bb4 24. Qe3 Bc5 25. Qg5 Nf7 26. Qd2 Bb4 27. Qd4 Bc5 28. Qd2
Bb4 29. Qd4 Bd6 30. Qe3 Be5 31. Ba1 d4 32. Rxd4 Bxd4 33. Qxd4 Rad8 34. Qe3 Rfe8
35. g4 h6 36. Re1 Ng5 37. Ne2 Nf3 38. Rf1 Nd5 39. Qc1 Qd6 40. Ng3 Kg8 41. Bxf3
Qxg3 42. Bg2 Ne3 43. Rg1 Rd1 44. Qxe3 Qxe3 45. Rxd1 Qe2 46. Rf1 e3 47. f6 Rf8
48. Bd5+ Kh7 49. Bc4 Qd2 50. Rg1 g6 51. Rg2 Qd1+ 52. Rg1 e2 53. Bc3 Rxf6 54.
Bxf6 Qxg1+ 55. Kxg1 e1=Q+ 56. Kg2 Qe4+ 57. Kg3 Qxc2 58. h4 b5 59. axb5 axb5 60.
Bd5 Qd3+ 61. Bf3 Qd6+ 0-1

[Event "Young Stars of the World-2006"]
[Site "Kirishi RUS"]
[Date "2006.05.12"]
[Round "4.5"]
[White "Volodin, Aleksandr"]
[Black "Narayanan, Srinath"]
[Result "1-0"]
[WhiteElo "2352"]
[BlackElo "2170"]
[PlyCount "97"]
[EventDate "2006.05.09"]
[EventType "tourn"]
[EventRounds "9"]
[EventCountry "RUS"]
[EventCategory "5"]
[Source "lmi"]
[SourceDate "2006.05.21"]

1. d4 Nf6 2. c4 c5 3. d5 b5 4. Bg5 Ne4 5. Nd2 Nxg5 6. h4 Qa5 7. hxg5 g6 8. e4
Bg7 9. Qc2 bxc4 10. Bxc4 Ba6 11. Ngf3 Bxc4 12. Qxc4 d6 13. O-O O-O 14. Qc2 Nd7
15. Nc4 Qa6 16. Rae1 Nb6 17. Nfd2 Rfb8 18. b3 Bd4 19. g3 Nxc4 20. Nxc4 Qc8 21.
Na5 Qg4 22. Kg2 Qxg5 23. Nc6 Rb7 24. f4 Qg4 25. e5 h5 26. Rh1 dxe5 27. fxe5 Rc8
28. e6 Bf6 29. Qxc5 Rf8 30. exf7+ Rxf7 31. Nd8 Rf8 32. Ne6 Rfb8 33. Rhf1 h4 34.
Qe3 Rc8 35. Rc1 Rcb8 36. Rc4 Qh5 37. Nf4 Qg5 38. Qe6+ Kg7 39. Rf3 Rb6 40. Qe2
Kg8 41. Qd3 Be5 42. Nh3 Qh6 43. Rxh4 Qc1 44. Rc4 Qa1 45. Rf2 Kg7 46. Ng5 Rh8
47. Rf7+ Kh6 48. Rh4+ Kxg5 49. Qe3+ 1-0

[Event "Young Stars of the World-2006"]
[Site "Kirishi RUS"]
[Date "2006.05.13"]
[Round "5.2"]
[White "Narayanan, Srinath"]
[Black "Popov, Ivan"]
[Result "1/2-1/2"]
[WhiteElo "2170"]
[BlackElo "2482"]
[PlyCount "120"]
[EventDate "2006.05.09"]
[EventType "tourn"]
[EventRounds "9"]
[EventCountry "RUS"]
[EventCategory "5"]
[Source "lmi"]
[SourceDate "2006.05.21"]

1. e4 c5 2. Nf3 e6 3. d4 cxd4 4. Nxd4 Nc6 5. Nc3 a6 6. Be2 Qc7 7. O-O Nf6 8.
Be3 Be7 9. f4 d6 10. Kh1 O-O 11. a4 Re8 12. a5 Nd7 13. Nb3 Nc5 14. Nd2 Bd7 15.
Nc4 Rad8 16. Bf3 Nb4 17. Nb6 Nc6 18. Nc4 Bf8 19. Qd2 Bc8 20. Qf2 Nd7 21. Ra4 g6
22. Rd1 Qb8 23. Rd2 Nf6 24. Bb6 Rd7 25. Ne3 Rde7 26. Ra1 Nd7 27. Nc4 Nxb6 28.
axb6 Rd8 29. Rad1 Red7 30. Ne3 Bg7 31. Qh4 Rf8 32. f5 f6 33. fxe6 Re7 34. Rxd6
Rxe6 35. R6d2 Ne5 36. Ncd5 Bd7 37. Be2 Kh8 38. Nc4 Nxc4 39. Bxc4 g5 40. Qe1 f5
41. Ne3 Rh6 42. h3 Bc6 43. Nxf5 Rhf6 44. Bd5 Bd7 45. Nxg7 Kxg7 46. Bc4 Bc6 47.
Qe3 Qe5 48. Qc3 Qxe4 49. Bd5 Bxd5 50. Rxd5 Kh6 51. Qg3 Qf4 52. Qxf4 gxf4 53.
Rd6 Kg6 54. c4 Rc8 55. Rxf6+ Kxf6 56. Rd4 Rc6 57. Rxf4+ Kg6 58. Rg4+ Kf6 59.
Rh4 Kg6 60. Rg4+ Kf6 1/2-1/2

[Event "Young Stars of the World-2006"]
[Site "Kirishi RUS"]
[Date "2006.05.13"]
[Round "5.3"]
[White "Onischuk, Vladimir"]
[Black "Volodin, Aleksandr"]
[Result "0-1"]
[WhiteElo "2388"]
[BlackElo "2352"]
[PlyCount "136"]
[EventDate "2006.05.09"]
[EventType "tourn"]
[EventRounds "9"]
[EventCountry "RUS"]
[EventCategory "5"]
[Source "lmi"]
[SourceDate "2006.05.21"]

1. e4 c5 2. Nf3 e6 3. Nc3 d6 4. d4 cxd4 5. Nxd4 Nf6 6. Be3 Be7 7. f3 a6 8. Qd2
O-O 9. O-O-O Nc6 10. g4 Nd7 11. h4 Nde5 12. Qf2 b5 13. g5 Rb8 14. Nxc6 Nxc6 15.
f4 Bd7 16. Kb1 Qa5 17. Qd2 Rfc8 18. Ne2 Qa4 19. Nc3 Qa5 20. Bh3 Nb4 21. a3 Nc6
22. Nd5 b4 23. Nxe7+ Nxe7 24. b3 d5 25. f5 exf5 26. exd5 Rb5 27. axb4 Rxb4 28.
Bd4 Nxd5 29. Bb2 Be6 30. Bg2 Nf4 31. Bb7 Rb8 32. Bc3 Bxb3 33. cxb3 Rxb3+ 34.
Bb2 Qxd2 35. Rxd2 R3xb7 36. Ka1 Rb5 37. Rhd1 Ne6 38. Rc2 f4 39. Rdc1 h5 40.
gxh6 gxh6 41. Rf1 Kh7 42. Rg2 Rb3 43. Ka2 R3b5 44. Bc3 Rc8 45. Bb2 Rc4 46. Rd2
Ra4+ 47. Kb1 Kg6 48. h5+ Rxh5 49. Kc2 Rb5 50. Rg1+ Kf5 51. Rh1 Kg6 52. Rg1+ Rg5
53. Rf1 Rc4+ 54. Kb1 Rg3 55. Rd6 a5 56. Ra6 Rg2 57. Ba3 a4 58. Bc1 f3 59. Be3
Rg3 60. Bf2 Rg5 61. Be3 Rb5+ 62. Ka2 Rc2+ 63. Ka1 Rb3 64. Bc1 f2 65. Rxa4 Rg3
66. Rh4 Ng5 67. Rf4 Rg1 68. R4xf2 Rxc1+ 0-1

[Event "Young Stars of the World-2006"]
[Site "Kirishi RUS"]
[Date "2006.05.13"]
[Round "5.4"]
[White "Caruana, Fabiano"]
[Black "Hovhannisyan, Robert"]
[Result "0-1"]
[WhiteElo "2421"]
[BlackElo "2260"]
[PlyCount "70"]
[EventDate "2006.05.09"]
[EventType "tourn"]
[EventRounds "9"]
[EventCountry "RUS"]
[EventCategory "5"]
[Source "lmi"]
[SourceDate "2006.05.21"]

1. e4 e5 2. Nf3 Nf6 3. Nxe5 d6 4. Nf3 Nxe4 5. c4 Be7 6. d4 Bf5 7. Bd3 Bg6 8.
O-O O-O 9. Re1 Nf6 10. Bxg6 hxg6 11. Qb3 b6 12. Nc3 Re8 13. Bg5 Nbd7 14. Qc2 c6
15. Rad1 Rc8 16. d5 cxd5 17. cxd5 Ng4 18. Bf4 Bf8 19. Qd2 Nde5 20. Nxe5 dxe5
21. Bg3 Bd6 22. Ne4 Nf6 23. Nxf6+ gxf6 24. f3 Bc5+ 25. Bf2 Qd6 26. Be3 Bb4 27.
Qf2 Bxe1 28. Qxe1 Rc2 29. h4 e4 30. f4 Rxb2 31. h5 Rb5 32. Qg3 Rxd5 33. Rxd5
Qxd5 34. hxg6 Qd1+ 35. Kf2 Qh5 0-1